| 000 | 00585nam a22002057a 4500 | ||
|---|---|---|---|
| 005 | 20140313100409.0 | ||
| 008 | 140108b xxu||||| |||| 00| 0 eng d | ||
| 020 | _a9789350840443 | ||
| 050 |
_aHF 5547 _b.R161 2013 |
||
| 100 | _aRajan, T. | ||
| 245 |
_aTheory and practice of office management / _cT. Rajan. |
||
| 250 | _a1st ed. | ||
| 260 |
_aIndia : _bCentrum Press, _c2013. |
||
| 300 |
_aviii, 280 p. ; _c23 cm. |
||
| 504 | _aIncludes Bibliographic References and Index. | ||
| 521 | _aBSBA | ||
| 650 | _aOffice management. | ||
| 942 |
_2lcc _cBK _kFOR |
||
| 999 |
_c25928 _d25928 |
||